000 01791nam a2200409 c 4500
003 BLK
005 20231122005341.0
008 180408b bul|||||r ||||||| ||bul||
010 _aKNG00082094000
020 _a978-84-9819-910-9
_bиздат.: Mediasat Group, S. A.
020 _a978-84-9819-890-4
_bиздат.: Mediasat Group, S. A. - (серия)
040 _aBLK
041 _aBUL
_cBUL
080 _aМузиканти-творци, композитори
_b78.071.1
_x(45)(092)
_z78.071.1(45)(092)
080 _aИталиански композитор
_b929 Верди, Джузепе
_x
_z929 Верди, Джузепе
100 1 _aВишньос, Йоана
_eпърви автор
_948499
700 1 _aМанчева-Вичик, Ваня
_eпрев.
_9298401
700 1 _aКаранлъков, Лъчезар Тодоров
_d1943-2022
_eред.
_976810
139 _aВишньос, Йоана
_bВ 49
245 1 0 _aДжузепе Верди
_cЙоана Вишньос; прев. Ваня Манчева-Вичик; ред. Лъчезар Каранлъков.
257 _aITA
260 София
_bMediasat Group, S. A.
_c2007
_fОтпеч. в ЕС
300 _a43 с.
_bс цв. ил.
_c13Х14 см
_eCD
380 _a7
490 1 _aШедьоври на класиката
_v20
500 _aКн. е с CD 1652
650 4 _aКомпозитори, италиански
_9276875
651 4 _aИталия
_9178965
653 _aиталиански композитори
653 _aДжузепе Верди
852 _aЦб І 32934
856 4 _qpdf
_u
856 4 _qpdf
_u
942 _cKNG
_n0
944 _aCR
_c10.03.2008
_k
_lCRON CRON
944 _aED
_c08.01.2018
_kИрена_Линкова
999 _c77635
_d77635